00755nam a2200205 a 450000500170000001000170001702000260003403500170006003500130007703700270009008200110011710000210012824501090014926000480025827000580030630000280036450000510039252000860044370000200052920100510120235.0 aB-425044-045 c950.00a9788173053634 aB-425044-045 aG-001452 bResearchco Book Centre a954.08 aMoses, Mohandas  aDialogue of civilizations:cby Mohandas Moses (and) Achala Moulik bWilliam Jones and the orientalists / aNew Delhi bAryan Books Internationalc2009 aPooja Apartments 4B, Anasri Road, bNew Delhie110002 axvi, 440p. c23 cm(Hb)  aIncludes bibliographical references and index  aSelection of short stories by 20th century Hindi authors translated into English. a Moulik, Achala